000
00295nam a2200121Ia 4500
008
190722s9999 xx 000 0 und d
020
_a
978-81-265-1265-2
100
_a
Simon Haykin Veen
245
0
_a
Signals and Systems
260
_a
New Delhi
_b
John Wiley
_c
2014
300
_a
802
942
_c
BK
999
_c
463
_d
463